• 首页
  • 本馆介绍
  • 公告通知
  • 最新文献
  • 馆藏检索
  • 电子资源
  • 读者导购
  • 参考咨询
  • 我的图书馆
  • 登录
  • 详细信息显示
  • 放入我的书架
  • 预约/预借图书
  • 作者相关作品
  • 分类相关作品
  • 丛书相关作品
  • 出版社相关作品

书目信息

  • 表格格式
  • 工作单格式
  • 卡片格式
题名:
优秀教师的成长
    
 
作者: 方心田 主编
分册:   关键人物
出版信息: 北京   中国人民大学出版社  2017
页数: 210页
开本: 24cm
丛书名: 教师发展丛书
单 册:
中图分类: K825.46
科图分类:
主题词: 教师--生平事迹--中国--现代
电子资源:
ISBN: 978-7-300-24537-9
000 01005oam2 2200265 450
001 2133
005 20180522170255.35
010    @a978-7-300-24537-9@dCNY39.80
100    @a20171018d2017 em y0chiy50 ea
101 0  @achi
102    @aCN@b110000
105    @ay z 000yd
200 1  @a优秀教师的成长@9you xiu jiao shi de cheng zhang@i关键人物@f方心田主编
210    @a北京@c中国人民大学出版社@d2017
215    @a210页@d24cm
225 1  @a教师发展丛书
300    @a源创图书
314    @a方心田,江西万年人,编辑,作家,现任教师博览杂志社和江西教育杂志社社长。发表作品200多篇,著有散文集《无语的乡村》《平静的忧思》。
330    @a本书精选了25位教育专家和卓越教师在“关键人物”影响下的成长故事。让读者重温亲人之爱、师生之情、同行之谊,激励读者常怀感恩之心,保持昂扬的姿态,追求拔节成长的幸福。
461  0 @12001 @a教师发展丛书
606 0  @a教师@x生平事迹@y中国@z现代
690    @aK825.46@v5
701  0 @a方心田@9fang xin tian@4主编
801  0 @aCN@b91MARC@c20171018
905    @aMuseLib@dK825.46@e1084
    
    优秀教师的成长.关键人物/方心田主编.-北京:中国人民大学出版社,2017
    210页;24cm.-(教师发展丛书)
    源创图书
    
    ISBN 978-7-300-24537-9:CNY39.80
    本书精选了25位教育专家和卓越教师在“关键人物”影响下的成长故事。让读者重温亲人之爱、师生之情、同行之谊,激励读者常怀感恩之心,保持昂扬的姿态,追求拔节成长的幸福。
●
相关链接 在E读中查询图书 在五车中查询图书 在当当中查询图书 在豆瓣中查询图书


正题名:优秀教师的成长     索取号:K825.46/1084         预约/预借

序号 登录号 条形码 馆藏地/架位号 状态 备注
1 1108085   211080854   第二样本阅览室/ [索取号:K825.46/1084] 在馆    
2 1108086   211080863   教育系资料室/ [索取号:K825.46/1084] 在馆    
3 1108087   211080872   教育系资料室/ [索取号:K825.46/1084] 在馆    
4 1108088   211080881   第二借阅区/ [索取号:K825.46/1084] 在馆    
唐山师范学院图书馆 欢迎您!
大连网信软件有限公司© 版权所有